UITU Library & LRC     

Soft Starter for 3-Phase Induction Motor (Record no. 32919)

MARC details
000 -LEADER
fixed length control field 00412nam a2200133Ia 4500
008 - FIXED-LENGTH DATA ELEMENTS--GENERAL INFORMATION
fixed length control field 260210s9999 xx 000 0 und d
024 ## - OTHER STANDARD IDENTIFIER
Standard number or code 04A-56-EE & 03A-58-EE
082 ## - DEWEY DECIMAL CLASSIFICATION NUMBER
Classification number 621.4672 NOO
100 ## - MAIN ENTRY--PERSONAL NAME
Personal name Junaid Noor & Muhammad Farhan
245 #0 - TITLE STATEMENT
Title Soft Starter for 3-Phase Induction Motor
260 ## - PUBLICATION, DISTRIBUTION, ETC.
Place of publication, distribution, etc. Karachi:
Name of publisher, distributor, etc. UITU,
Date of publication, distribution, etc. 2004
600 ## - SUBJECT ADDED ENTRY--PERSONAL NAME
Personal name Electronic Engineering
650 ## - SUBJECT ADDED ENTRY--TOPICAL TERM
Topical term or geographic name entry element Bachelor of Engineering (BE)

No items available.

Powered by Koha